000
00265nam a22001217a 4500
082
_a
621.815 FAI'D
100
_a
FIRES, V. M
_9
79394
245
_a
DESIGN OF MACHINE ELEMENT
250
_a
4TH
260
_a
LONDON
_b
MACMILLAN
_c
1969
300
_a
624P
942
_c
BK
999
_c
584438
_d
584438